International accounting / (Record no. 17386)
[ view plain ]
| 000 -LEADER | |
|---|---|
| fixed length control field | 00857nam a2200253 a 4500 |
| 001 - CONTROL NUMBER | |
| control field | 015652254 |
| 003 - CONTROL NUMBER IDENTIFIER | |
| control field | Uk |
| 005 - DATE AND TIME OF LATEST TRANSACTION | |
| control field | 20201128020944.0 |
| 008 - FIXED-LENGTH DATA ELEMENTS--GENERAL INFORMATION | |
| fixed length control field | 100914s2011 maua b 001 0 eng d |
| 020 ## - INTERNATIONAL STANDARD BOOK NUMBER | |
| International Standard Book Number | 0132311496 (pbk.) |
| 020 ## - INTERNATIONAL STANDARD BOOK NUMBER | |
| International Standard Book Number | 9780132311496 (pbk.) |
| 082 04 - DEWEY DECIMAL CLASSIFICATION NUMBER | |
| Classification number | 657.96 |
| Edition number | 22 |
| Item number | CHO |
| 100 1# - MAIN ENTRY--PERSONAL NAME | |
| Personal name | Choi, Frederick D. S., |
| Dates associated with a name | 1942- |
| 9 (RLIN) | 3015 |
| 245 10 - TITLE STATEMENT | |
| Title | International accounting / |
| Statement of responsibility, etc | Gary Meek Frederick Choi |
| 250 ## - EDITION STATEMENT | |
| Edition statement | 7th ed., International ed. / |
| Remainder of edition statement | Frederick D.S. Choi, Gary K. Meek. |
| 260 ## - PUBLICATION, DISTRIBUTION, ETC. (IMPRINT) | |
| Place of publication, distribution, etc | Boston, [Mass.] ; |
| -- | London : |
| Name of publisher, distributor, etc | Pearson, |
| Date of publication, distribution, etc | c2011. |
| 300 ## - PHYSICAL DESCRIPTION | |
| Extent | xv, 476 p. : |
| Other physical details | ill. ; |
| Dimensions | 24 cm. |
| 500 ## - GENERAL NOTE | |
| General note | Previous ed.: 2008. |
| 504 ## - BIBLIOGRAPHY, ETC. NOTE | |
| Bibliography, etc | Includes bibliographical references and index. |
| 650 #0 - SUBJECT ADDED ENTRY--TOPICAL TERM | |
| Topical term or geographic name as entry element | International business enterprises |
| General subdivision | Accounting. |
| 9 (RLIN) | 32925 |
| 653 ## - INDEX TERM--UNCONTROLLED | |
| Resource For college | |
| Arrived date list | March2013 |
| 700 1# - ADDED ENTRY--PERSONAL NAME | |
| Personal name | Meek, Gary K., |
| Dates associated with a name | 1949- |
| 9 (RLIN) | 32926 |
| 942 ## - ADDED ENTRY ELEMENTS (KOHA) | |
| Source of classification or shelving scheme | Dewey Decimal Classification |
| Item type | Book - Borrowing |
| Withdrawn status | Item status | Source of classification or shelving scheme | Damaged status | Not for loan | Vendor | Home library | Current library | Shelving location | Date acquired | Source of acquisition | Total Checkouts | Total Renewals | Full call number | Barcode | Date last seen | Date last borrowed | Koha item type |
|---|---|---|---|---|---|---|---|---|---|---|---|---|---|---|---|---|---|
| Dewey Decimal Classification | Baccah | Central Library | Central Library | First floor | 20/03/2013 | 3 | 49 | 657.96 CHO | 000028575 | 15/07/2025 | 17/02/2016 | Book - Borrowing | |||||
| Dewey Decimal Classification | Baccah | Central Library | Central Library | First floor | 20/03/2013 | 2 | 7 | 657.96 CHO | 000028576 | 15/07/2025 | 03/12/2014 | Book - Borrowing | |||||
| Dewey Decimal Classification | Baccah | Central Library | Central Library | First floor | 20/03/2013 | 2 | 16 | 657.96 CHO | 000028577 | 15/07/2025 | 17/02/2016 | Book - Borrowing |